[Event "Stone Flower"]
[Site "Nizhnij Tagil"]
[Date "2005.12.16"]
[Round "10"]
[White "Ovechkin, Igor V"]
[Black "Safin, Shukhrat"]
[Result "1/2-1/2"]
[WhiteElo "2357"]
[BlackElo "2445"]
[PlyCount "25"]
[EventDate "2005.12.06"]
[EventType "tourn"]
[EventRounds "10"]
[EventCountry "RUS"]
[EventCategory "9"]
[SourceTitle "CBM 109 Extra"]
[Source "ChessBase"]
[SourceDate "2006.01.03"]
[SourceVersion "2"]
[SourceVersionDate "2006.01.03"]
[SourceQuality "1"]

1. e4 e5 2. Nf3 Nc6 3. Bb5 a6 4. Bxc6 dxc6 5. 0-0 Bg4 6. h3 h5 7. c3 Qd3 8. hxg4 hxg4 9. Nxe5 Bd6 10. Nxd3 Bh2+ 11. Kh1 Bd6+ 12. Kg1 Bh2+ 13. Kh1 1/2-1/2

[Event "Moscow-ch"]
[Site "Moscow"]
[Date "2001.??.??"]
[Round "6"]
[White "Shevelev, Ilya"]
[Black "Ovechkin, Igor V"]
[Result "0-1"]
[WhiteElo "2159"]
[BlackElo "2359"]
[PlyCount "46"]
[EventDate "2001.??.??"]
[EventType "swiss"]
[EventRounds "9"]
[EventCountry "RUS"]
[SourceTitle "EXT 2002"]
[Source "ChessBase"]
[SourceDate "2001.11.25"]
[SourceVersion "1"]
[SourceVersionDate "2001.11.25"]
[SourceQuality "1"]

1. e4 c6 2. Nc3 d5 3. Nf3 Bg4 4. Be2 e6 5. d4 Nd7 6. 0-0 dxe4 7. Nxe4 Ngf6 8. Ng3 Qc7 9. Ng5 Bxe2 10. Qxe2 h6 11. f4 hxg5 12. fxg5 Bd6 13. gxf6 gxf6 14. Qf3 Rh4 15. Bg5 Rxd4 16. Bxf6 Rf4 17. Qh5 Nxf6 18. Qh8+ Bf8 19. Rxf4 Qxf4 20. Rf1 Qe3+ 21. Kh1 Ne4 22. Nxe4 Qxe4 23. Qf6 Qg6 0-1